Le mariage d'argent : comédie en cinq actes et en prose /

Bibliographic Details
Main Author: Scribe, Eugène, 1791-1861
Corporate Author: Comédie-Française
Other Authors: Doucet, Camille, 1812-1895
Format: Book
Language:French
Published: [Paris] : [J. N. Barba] : [Delloye] : [Bezou], [1838]

MARC

Tag First Indicator Second Indicator Subfields
LEADER 00000cam a2200000Ii 4500
001 in00003598921
005 20170928105118.0
008 151113s1838 fr 000 d fre d
035 |a (OCoLC)ocn929042288 
035 |a (OCoLC)929042288 
040 |a TXA  |b eng  |e rda  |c TXA  |d TXA  |d UtOrBLW 
049 |a TXAM 
090 |a PQ1222  |b .D68 1842 no. 2 
100 1 |a Scribe, Eugène,  |d 1791-1861.  |0 http://id.loc.gov/authorities/names/n79004209 
245 1 3 |a Le mariage d'argent :  |b comédie en cinq actes et en prose /  |c par Eugène Scribe. 
246 1 |i Binder's title:  |a Répertoire dramatique.  |p Comédies.  |n [no. 2] 
264 1 |a [Paris] :  |b [J. N. Barba] :  |b [Delloye] :  |b [Bezou],  |c [1838] 
264 3 |a Paris :  |b Imprimerie normale de Jules Didot l'Aine, no. 4, boulevart d'Enfer 
300 |a pages [359]-394 ;  |c 26 cm. 
336 |a text  |b txt  |2 rdacontent 
337 |a unmediated  |b n  |2 rdamedia 
338 |a volume  |b nc  |2 rdacarrier 
500 |a This item is number 12 in a volume of 22 theatrical plays bound together with spine title: Répertoire dramatique. Comédies. 
500 |a Ex libris: "Bibliotheque Camille Doucet"--cover, page [2]. 
500 |a "Représentée pour la première fois a Paris, sur le Théatre-Français, par les Comédiens ordinaires du roi, le 3 décembre 1827." 
700 1 |a Doucet, Camille,  |d 1812-1895.  |0 http://id.loc.gov/authorities/names/nr99034744 
710 2 |a Comédie-Française.  |0 http://id.loc.gov/authorities/names/n50052276 
994 |a C0  |b TXA 
999 f f |s cd9942f4-ed3b-3174-ab56-333862c7ce29  |i 470c2dab-4e8b-3340-bb3c-5af4baa05d77  |t 0 
952 f f |p noncirc  |a Texas A&M University  |b College Station  |c Cushing Memorial Library & Archives  |d Cushing: Dawson French (Does not check out)  |t 0  |e PQ1222 .D68 1842 no. 2  |h Library of Congress classification  |i unmediated -- volume 
998 f f |a PQ1222 .D68 1842 no. 2  |t 0  |l Cushing: Dawson French (Does not check out)